| 000 | 004100000a22001570004500 | ||
|---|---|---|---|
| 020 | _a84-7530-391-9 | ||
| 041 | 0 | _aSPA | |
| 082 | 0 | 4 | _aG 891.73 B9425c |
| 100 | 1 | _aBunin, Iván (1870-1953) | |
| 245 | 1 | 0 | _aCuando la vida empieza / Iván Bunin ; Renato Lavergne, Traductor |
| 260 | _aMadrid : Orbis | ||
| 300 | _a287 Pag | ||
| 500 | _aTítulo original : A la source des jours | ||
| 001 | 13239 | ||
| 942 | _cBK | ||
| 999 |
_c42226 _d42226 |
||